CPRE launches land banks attack (Record no. 73543)

MARC details
000 -LEADER
fixed length control field 00861cam a2200205 4500
001 - CONTROL NUMBER
control field WB3937-14
008 - FIXED-LENGTH DATA ELEMENTS--GENERAL INFORMATION
fixed length control field 031002n2003 000 0 eng u
035 ## - SYSTEM CONTROL NUMBER
System control number (Sirsi) u123826
245 ## - TITLE STATEMENT
Title CPRE launches land banks attack
260 ## - PUBLICATION, DISTRIBUTION, ETC.
Date of publication, distribution, etc. 2003
490 ## - SERIES STATEMENT
Series statement CPRE Press Release
Volume/sequential designation (39/03) 22 September 2003 (3)
520 ## - SUMMARY, ETC.
Summary, etc. The CPRE has accused housebuilders of holding up housing supply. "Housing myths: housing solutions" briefing presents a survey of leading housebuilders' land holdings, finding that land reserves have expanded by nearly 18% in the last five years. Copies of the briefing are available from http://www.cpre.org.uk. http://www.cpre.org.uk/news-releases/news-rel-2003/39-03.htm
590 ## - LOCAL NOTE (RLIN)
Local note WB
650 ## - SUBJECT ADDED ENTRY--TOPICAL TERM
Topical term or geographic name entry element LAND BANKS
650 ## - SUBJECT ADDED ENTRY--TOPICAL TERM
Topical term or geographic name entry element HOUSING SUPPLY
650 ## - SUBJECT ADDED ENTRY--TOPICAL TERM
Topical term or geographic name entry element SURVEYS
650 ## - SUBJECT ADDED ENTRY--TOPICAL TERM
Topical term or geographic name entry element HOUSE BUILDERS
690 ## - LOCAL SUBJECT ADDED ENTRY--TOPICAL TERM (OCLC, RLIN)
Topical term or geographic name as entry element HOUSING
942 ## - ADDED ENTRY ELEMENTS (KOHA)
Suppress in OPAC 0
Holdings
Withdrawn status Lost status Source of classification or shelving scheme Damaged status Not for loan Home library Current library Shelving location Date acquired Total Checkouts Full call number Barcode Date last seen Copy number Price effective from Koha item type
    Dewey Decimal Classification     London London News article 02/10/2003   WB3937-14 123826-1001 06/08/2019 1 06/08/2019 News article